00259nam a22000977a 450000500170000000800410001702000140005804000080007224500450008026000360012520200923111822.0200923b ||||| |||| 00| 0 eng d a194421260 cCML aA Training Course for TEFL.cHubbard, P. aOxfordbOxford Universityc1983